Statistics for Toronto Raptors All-Time Roster

Click here to take the quiz!

General Stats

  • This quiz has been taken 206 times
    (191 since last reset)
  • The average score is 7 of 12

Answer Stats

Post Player % Correct
PGKyle Lowry
98%
SFVince Carter
98%
SGDeMar DeRozan
95%
PFChris Bosh
85%
BNTracy McGrady
74%
BNJonas Valanciunas
66%
CAntonio Davis
58%
BNDamon Stoudamire
39%
BNJose Calderon
38%
BNJerome Williams
23%
BNDoug Christie
15%
BNAnthony Parker
1%

Score Distribution

Percentile by Number Answered

Percent of People with Each Score

Your Score History

You have not taken this quiz since the last reset